[Event "Leer op"]
[Site "Leer"]
[Date "2024.11.03"]
[Round "7"]
[White "Bundan, Edward"]
[Black "Skembris, Simon Max"]
[Result "1-0"]
[WhiteElo "1905"]
[BlackElo "2119"]
[PlyCount "75"]
[EventDate "2024.10.31"]
[EventType "swiss"]
[EventRounds "7"]
[EventCountry "GER"]
[SourceTitle "CB45_2024"]
[Source "ChessBase"]
[SourceDate "2024.11.06"]
[SourceVersion "1"]
[SourceVersionDate "2024.11.06"]
[SourceQuality "1"]

1. e4 c5 2. Nf3 Nc6 3. d4 cxd4 4. Nxd4 g6 5. c4 Bg7 6. Be3 Nf6 7. Nc3 0-0 8. Be2 d6 9. 0-0 Bd7 10. h3 Nxd4 11. Bxd4 Bc6 12. Qd3 a5 13. Rfd1 Nd7 14. Bxg7 Kxg7 15. Qd4+ f6 16. b3 Qb6 17. Qxb6 Nxb6 18. a3 Rfc8 19. Rac1 h5 20. f3 Kf7 21. Kf2 Nd7 22. Ra1 Nc5 23. Rdb1 Ne6 24. Ke3 g5 25. b4 b6 26. b5 Bd7 27. Nd5 Rab8 28. g3 Nc5 29. f4 g4 30. hxg4 Bxg4 31. Bxg4 hxg4 32. Rh1 e6 33. Rh7+ Kf8 34. Nxf6 d5 35. cxd5 Nb3 36. dxe6 Rc3+ 37. Kf2 Re8 38. Rf7# 1-0

[Event "GER-ch U14"]
[Site "Willingen"]
[Date "2024.05.24"]
[Round "8"]
[White "Skembris, Simon Max"]
[Black "Sydykov, Bayastan"]
[Result "1/2-1/2"]
[WhiteElo "2009"]
[BlackElo "2182"]
[PlyCount "129"]
[EventDate "2024.05.19"]
[EventType "swiss"]
[EventRounds "9"]
[EventCountry "GER"]
[SourceTitle "CBM 220 Extra"]
[Source "ChessBase"]
[SourceDate "2024.07.31"]
[SourceVersion "1"]
[SourceVersionDate "2024.07.31"]
[SourceQuality "1"]

1. e4 e6 2. d4 d5 3. Nd2 h6 4. Bd3 c5 5. exd5 Qxd5 6. Ngf3 cxd4 7. Bc4 Qd7 8. 0-0 Nf6 9. Nb3 Nc6 10. Nbxd4 Nxd4 11. Qxd4 Qxd4 12. Nxd4 Bc5 13. Nb3 Bd6 14. Be2 Bd7 15. Bf3 Rc8 16. c3 Bc6 17. Bxc6+ Rxc6 18. h3 Ke7 19. Re1 Nd5 20. Nd4 Rcc8 21. Nf5+ Kd7 22. Nxd6 Kxd6 23. Be3 a6 24. Rad1 Rhd8 25. Bb6 Rd7 26. Bd4 f6 27. f4 Ke7 28. f5 Nf4 29. fxe6 Nxe6 30. Rd2 Kf7 31. Red1 h5 32. Be3 Rxd2 33. Rxd2 Rd8 34. Rxd8 Nxd8 35. Kf2 Ke6 36. Bb6 Nf7 37. Ke3 g5 38. Bc7 Kd5 39. Kd3 Nh6 40. c4+ Ke6 41. Ke4 Nf5 42. b4 b5 43. cxb5 axb5 44. Bb8 Ne7 45. Bh2 Nc6 46. a3 h4 47. g4 hxg3 48. Bxg3 f5+ 49. Kd3 Kd5 50. Kc3 f4 51. Be1 Ne5 52. Bf2 Nc4 53. Bc5 Nxa3 54. Be7 Ke4 55. Bxg5 Nc4 56. Kc2 Nb6 57. h4 Kf5 58. Kd3 Nd5 59. Bxf4 Nxb4+ 60. Kd4 Nc2+ 61. Kc3 Kxf4 62. Kxc2 Kg4 63. Kb3 Kxh4 64. Kb4 Kg4 65. Kxb5 1/2-1/2

[Event "GER-ch U14"]
[Site "Willingen"]
[Date "2024.05.22"]
[Round "6"]
[White "Skembris, Simon Max"]
[Black "Burkart, Lloyd Shang"]
[Result "1-0"]
[WhiteElo "2009"]
[BlackElo "2168"]
[PlyCount "57"]
[EventDate "2024.05.19"]
[EventType "swiss"]
[EventRounds "9"]
[EventCountry "GER"]
[SourceTitle "CBM 220 Extra"]
[Source "ChessBase"]
[SourceDate "2024.07.31"]
[SourceVersion "1"]
[SourceVersionDate "2024.07.31"]
[SourceQuality "1"]

1. e4 c5 2. Nf3 e6 3. d4 cxd4 4. Nxd4 Nf6 5. Nc3 d6 6. Be2 Be7 7. Be3 0-0 8. f4 e5 9. Nf5 Bxf5 10. exf5 Nc6 11. Bf3 Re8 12. 0-0 exf4 13. Bxf4 Qb6+ 14. Kh1 Ne5 15. Nd5 Nxd5 16. Bxd5 Rac8 17. b3 Bf6 18. c4 Qa6 19. Qh5 Rf8 20. Rae1 Rc5 21. Bg5 Bxg5 22. Qxg5 h6 23. Qg3 Kh7 24. f6 g6 25. Rf4 Rxd5 26. cxd5 Nd3 27. Rh4 h5 28. Rxh5+ Kg8 29. Qh4 1-0

[Event "GER-ch U14"]
[Site "Willingen"]
[Date "2024.05.22"]
[Round "5"]
[White "Skembris, Simon Max"]
[Black "Nemitz, Alfred"]
[Result "0-1"]
[WhiteElo "2009"]
[BlackElo "2221"]
[PlyCount "64"]
[EventDate "2024.05.19"]
[EventType "swiss"]
[EventRounds "9"]
[EventCountry "GER"]
[SourceTitle "CBM 220 Extra"]
[Source "ChessBase"]
[SourceDate "2024.07.31"]
[SourceVersion "1"]
[SourceVersionDate "2024.07.31"]
[SourceQuality "1"]

1. e4 d5 2. exd5 Nf6 3. Nf3 Nxd5 4. d4 Bf5 5. Bd3 Bxd3 6. Qxd3 e6 7. a3 c5 8. 0-0 Nc6 9. dxc5 Bxc5 10. b4 Bd6 11. c4 Nf4 12. Qe4 Qf6 13. Ra2 0-0 14. Rd2 e5 15. c5 Bc7 16. Rd7 Rac8 17. Nc3 Rfd8 18. Rfd1 Rxd7 19. Rxd7 Qe6 20. Rd1 f5 21. Qc2 e4 22. Bxf4 Bxf4 23. Nd4 Nxd4 24. Rxd4 Bxh2+ 25. Kf1 Be5 26. Rd5 Bxc3 27. Qb3 Qf7 28. b5 Bf6 29. Qd1 f4 30. c6 bxc6 31. bxc6 h6 32. Rc5 e3 0-1

[Event "Baden-ch 95th"]
[Site "Freiburg"]
[Date "2023.10.03"]
[Round "7"]
[White "Schmider, Niklas"]
[Black "Skembris, Simon Max"]
[Result "1-0"]
[WhiteElo "2395"]
[BlackElo "1851"]
[PlyCount "47"]
[EventDate "2023.09.30"]
[EventType "swiss"]
[EventRounds "7"]
[EventCountry "GER"]
[SourceTitle "EXT 2025"]
[Source "ChessBase"]
[SourceDate "2024.10.14"]
[SourceVersion "1"]
[SourceVersionDate "2024.10.14"]
[SourceQuality "1"]

1. e4 c5 2. Nf3 Nc6 3. Bb5 g6 4. Bxc6 dxc6 5. d3 Bg7 6. h3 e5 7. 0-0 Qc7 8. Be3 b6 9. a4 a5 10. Na3 Nf6 11. Nc4 Nd7 12. Nfd2 0-0 13. f4 f5 14. Qc1 fxe4 15. Nxe4 Ba6 16. Ncd6 Rad8 17. Qe1 exf4 18. Bxf4 Ne5 19. Qg3 Nf7 20. Nf5 Qd7 21. Nxg7 Kxg7 22. Bd2 Nd6 23. Qe5+ Kg8 24. Bc3 1-0

[Event "Baden-ch 95th"]
[Site "Freiburg"]
[Date "2023.10.02"]
[Round "6"]
[White "Skembris, Simon Max"]
[Black "Trifan, Andrei Ioan"]
[Result "1-0"]
[WhiteElo "1851"]
[BlackElo "2302"]
[PlyCount "73"]
[EventDate "2023.09.30"]
[EventType "swiss"]
[EventRounds "7"]
[EventCountry "GER"]
[SourceTitle "EXT 2025"]
[Source "ChessBase"]
[SourceDate "2024.10.14"]
[SourceVersion "1"]
[SourceVersionDate "2024.10.14"]
[SourceQuality "1"]

1. e4 g6 2. d4 Bg7 3. Nf3 d6 4. Bd3 Nf6 5. h3 0-0 6. 0-0 a6 7. Re1 b5 8. c3 c5 9. Bf4 Nc6 10. e5 Nd5 11. Bg3 cxd4 12. cxd4 Ndb4 13. exd6 exd6 14. Nc3 Nxd3 15. Qxd3 Bf5 16. Qd2 Qb6 17. Bxd6 Rfd8 18. Bc5 Nxd4 19. Re8+ Rxe8 20. Bxb6 Nxf3+ 21. gxf3 Rab8 22. Nd5 Be6 23. Re1 Kh8 24. Bd4 Bxd5 25. Rxe8+ Rxe8 26. Bxg7+ Kxg7 27. Qxd5 Re6 28. b4 Kg8 29. f4 Kg7 30. Kg2 Kg8 31. h4 h5 32. f5 gxf5 33. Qxf5 Rh6 34. f4 Kg7 35. Kf3 Kg8 36. Ke4 Kg7 37. Qg5+ 1-0

[Event "Baden-ch 95th"]
[Site "Freiburg"]
[Date "2023.09.30"]
[Round "2"]
[White "Skembris, Simon Max"]
[Black "Arnold, Max"]
[Result "1-0"]
[WhiteElo "1851"]
[BlackElo "2317"]
[PlyCount "119"]
[EventDate "2023.09.30"]
[EventType "swiss"]
[EventRounds "7"]
[EventCountry "GER"]
[SourceTitle "EXT 2025"]
[Source "ChessBase"]
[SourceDate "2024.10.14"]
[SourceVersion "1"]
[SourceVersionDate "2024.10.14"]
[SourceQuality "1"]

1. e4 c5 2. Nf3 e6 3. d4 cxd4 4. Nxd4 Nc6 5. Nc3 Qc7 6. Be2 Nf6 7. Be3 a6 8. 0-0 Be7 9. f4 d6 10. Qe1 0-0 11. Qg3 Nxd4 12. Bxd4 b5 13. a3 Bb7 14. Bd3 Rad8 15. Qh3 e5 16. Be3 Qd7 17. Qxd7 Rxd7 18. h3 Rc8 19. Rad1 Bd8 20. fxe5 dxe5 21. Rf5 g6 22. Rxe5 Bc7 23. Rc5 Re8 24. Bxb5 Rxd1+ 25. Nxd1 Re7 26. Bc6 Nxe4 27. Bxe4 Bxe4 28. Kf2 f5 29. Nc3 f4 30. Bd4 Bd6 31. Rc8+ Kf7 32. Nxe4 Rxe4 33. c3 Re6 34. Rc6 Be7 35. Rxe6 Kxe6 36. Kf3 Kf5 37. b4 g5 38. a4 h5 39. b5 axb5 40. a5 g4+ 41. Kf2 Bd6 42. a6 Bb8 43. hxg4+ hxg4 44. a7 Bxa7 45. Bxa7 Ke4 46. Ke2 f3+ 47. gxf3+ gxf3+ 48. Kd2 Kf4 49. Kc2 Ke4 50. Bb6 Kf4 51. Bf2 Ke4 52. Kd2 Ke5 53. Ke3 Kd5 54. Kxf3 Kc4 55. Be1 Kd3 56. Kf2 Kc2 57. Ke2 Kc1 58. Kd3 Kd1 59. Bd2 b4 60. c4 1-0

[Event "GER-ch U14"]
[Site "Willingen"]
[Date "2023.06.02"]
[Round "8"]
[White "Skembris, Simon Max"]
[Black "Li, Luxuan"]
[Result "1-0"]
[WhiteElo "1967"]
[BlackElo "1403"]
[PlyCount "70"]
[EventDate "2023.05.27"]
[EventType "swiss"]
[EventRounds "9"]
[EventCountry "GER"]
[SourceTitle "CBM 214 Extra"]
[Source "ChessBase"]
[SourceDate "2023.07.31"]
[SourceVersion "1"]
[SourceVersionDate "2023.07.31"]
[SourceQuality "1"]

1. e4 c5 2. Nf3 Nc6 3. d4 cxd4 4. Nxd4 Nf6 5. Nc3 e5 6. Ndb5 d6 7. Bg5 a6 8. Na3 b5 9. Nd5 Be7 10. Bxf6 Bxf6 11. c3 0-0 12. Nc2 Bg5 13. a4 bxa4 14. Rxa4 f5 15. exf5 Bxf5 16. Rxa6 Rxa6 17. Bxa6 Bxc2 18. Qxc2 Qa5 19. Bc4 Qa1+ 20. Ke2 Rxf2+ 21. Kxf2 Qxh1 22. Nf6+ Kf8 23. Nxh7+ Ke7 24. Nxg5 Qxh2 25. Qe4 Qf4+ 26. Qxf4 exf4 27. Nf3 Kf6 28. b4 g5 29. b5 Nb8 30. b6 g4 31. Nd4 Ke5 32. b7 Ke4 33. Bb5 g3+ 34. Ke2 Kd5 35. Nc6 Nd7 1-0

[Event "GER-ch U14"]
[Site "Willingen"]
[Date "2023.05.31"]
[Round "6"]
[White "Skembris, Simon Max"]
[Black "Halich, Jan Finnian"]
[Result "1-0"]
[WhiteElo "1967"]
[BlackElo "1134"]
[PlyCount "49"]
[EventDate "2023.05.27"]
[EventType "swiss"]
[EventRounds "9"]
[EventCountry "GER"]
[SourceTitle "CBM 214 Extra"]
[Source "ChessBase"]
[SourceDate "2023.07.31"]
[SourceVersion "1"]
[SourceVersionDate "2023.07.31"]
[SourceQuality "1"]

1. e4 e6 2. d4 d5 3. Nd2 c5 4. exd5 Qxd5 5. Ngf3 cxd4 6. Bc4 Qd7 7. 0-0 Nc6 8. Nb3 a6 9. Nbxd4 Nxd4 10. Nxd4 Qc7 11. Bb3 Bd6 12. h3 Bd7 13. Qf3 Ne7 14. c3 Rc8 15. Be3 Nc6 16. Rfe1 Ne5 17. Qe2 h5 18. Rad1 Bc5 19. Bf4 f6 20. Nxe6 Bxe6 21. Bxe6 Rd8 22. Rxd8+ Kxd8 23. Bxe5 fxe5 24. Rd1+ Ke7 25. Rd7+ 1-0

[Event "GER-ch U14"]
[Site "Willingen"]
[Date "2023.05.29"]
[Round "3"]
[White "Skembris, Simon Max"]
[Black "Melestean, Maxim"]
[Result "0-1"]
[WhiteElo "1967"]
[BlackElo "1450"]
[PlyCount "62"]
[EventDate "2023.05.27"]
[EventType "swiss"]
[EventRounds "9"]
[EventCountry "GER"]
[SourceTitle "CBM 214 Extra"]
[Source "ChessBase"]
[SourceDate "2023.07.31"]
[SourceVersion "1"]
[SourceVersionDate "2023.07.31"]
[SourceQuality "1"]

1. e4 c6 2. d4 d5 3. Nc3 dxe4 4. Nxe4 Nf6 5. Nxf6+ exf6 6. c3 Bd6 7. Bd3 0-0 8. Ne2 Re8 9. Qc2 h5 10. 0-0 h4 11. h3 Nd7 12. Be3 Nf8 13. c4 Bc7 14. Rfd1 g5 15. Qd2 Qd6 16. f4 g4 17. hxg4 Bxg4 18. Kf2 f5 19. Rh1 Ng6 20. Rag1 Re7 21. Re1 Rae8 22. c5 Qf6 23. Nc3 Nxf4 24. Bc4 Ng6 25. Rhf1 Bg3+ 26. Kg1 Bxe1 27. Rxe1 f4 28. Bf2 Rxe1+ 29. Bxe1 Rxe1+ 30. Kf2 h3 31. Kxe1 h2 0-1

[Event "GER-ch U14"]
[Site "Willingen"]
[Date "2023.05.28"]
[Round "2"]
[White "Besou, Hussain"]
[Black "Skembris, Simon Max"]
[Result "1-0"]
[WhiteElo "2304"]
[BlackElo "1967"]
[PlyCount "73"]
[EventDate "2023.05.27"]
[EventType "swiss"]
[EventRounds "9"]
[EventCountry "GER"]
[SourceTitle "CBM 214 Extra"]
[Source "ChessBase"]
[SourceDate "2023.07.31"]
[SourceVersion "1"]
[SourceVersionDate "2023.07.31"]
[SourceQuality "1"]

1. e4 e5 2. Nf3 Nf6 3. Nxe5 d6 4. Nf3 Nxe4 5. Nc3 Nxc3 6. dxc3 Be7 7. Be3 Nc6 8. Qd2 Ne5 9. Be2 Be6 10. Nd4 Qd7 11. b3 a6 12. 0-0 Bg4 13. Bxg4 Nxg4 14. Bf4 0-0 15. Nf3 Rfe8 16. Rfe1 Bf8 17. c4 Nf6 18. Rad1 Rxe1+ 19. Rxe1 Re8 20. Rd1 g6 21. Be3 Qc8 22. a4 Bg7 23. h3 Ne4 24. Qd3 a5 25. Nd4 b6 26. Ne2 Qb7 27. Nf4 Nc3 28. Re1 Ne4 29. Bd4 Qc6 30. Bxg7 Kxg7 31. Qd4+ Kg8 32. Nd5 f5 33. f3 Ng3 34. Nf6+ Kf7 35. Nxe8 Qxe8 36. Rxe8 Kxe8 37. Qh8+ 1-0

[Event "Baden-Baden Autumn op"]
[Site "Baden-Baden"]
[Date "2022.11.06"]
[Round "6"]
[White "Skembris, Simon Max"]
[Black "Krieger, Markus"]
[Result "0-1"]
[WhiteElo "1644"]
[BlackElo "2130"]
[PlyCount "120"]
[EventDate "2022.11.03"]
[EventType "swiss"]
[EventRounds "7"]
[EventCountry "GER"]
[SourceTitle "EXT 2024"]
[Source "ChessBase"]
[SourceDate "2023.10.10"]
[SourceVersion "1"]
[SourceVersionDate "2023.10.10"]
[SourceQuality "1"]

1. e4 e5 2. Nf3 Nc6 3. Nc3 Nf6 4. d4 exd4 5. Nxd4 Bb4 6. Nxc6 bxc6 7. Bd3 d5 8. exd5 cxd5 9. 0-0 0-0 10. h3 c6 11. Qf3 Rb8 12. Bf4 Bd6 13. b3 Be6 14. Rfe1 Re8 15. Rad1 Rb7 16. Bxd6 Qxd6 17. Qg3 Qxg3 18. fxg3 c5 19. Bb5 Rd8 20. Be2 Kf8 21. Bf3 Rbd7 22. g4 h6 23. Rd2 d4 24. Ne4 Nxe4 25. Bxe4 Re7 26. Bd3 Rde8 27. Re5 Rc7 28. Rde2 Bd7 29. Rxe8+ Bxe8 30. Kf2 Re7 31. Ke1 Bc6 32. Kf2 Rxe2+ 33. Bxe2 Ke7 34. Bf3 Bb5 35. Ke1 Kd6 36. Kd2 Ke5 37. c3 Bf1 38. c4 a5 39. Ke1 Bd3 40. Kd2 Bb1 41. Kc1 Be4 42. Kd2 g5 43. a3 f5 44. Ke2 Bc2 45. gxf5 Kxf5 46. b4 cxb4 47. axb4 axb4 48. c5 Ke5 49. Kd2 Bf5 50. Kc1 Be6 51. c6 Kd6 52. Kc2 Bc4 53. Kb2 Bb5 54. c7 Kxc7 55. Kb3 Bc6 56. Bg4 Bxg2 57. Kxb4 Kd6 58. Kc4 Ke5 59. Kd3 Bf1+ 60. Kd2 Kf4 0-1

[Event "GRE-ch U12"]
[Site "Thessaloniki"]
[Date "2022.08.21"]
[Round "5"]
[White "Skembris, Simon Max"]
[Black "Gerasopoulos, Nikolaos"]
[Result "1-0"]
[WhiteElo "1596"]
[BlackElo "1538"]
[PlyCount "79"]
[EventDate "2022.08.18"]
[EventType "swiss"]
[EventRounds "9"]
[EventCountry "GRE"]
[SourceTitle "EXT 2023"]
[Source "ChessBase"]
[SourceDate "2022.10.05"]
[SourceVersion "1"]
[SourceVersionDate "2022.10.05"]
[SourceQuality "1"]

1. e4 e6 2. d4 d5 3. Nd2 dxe4 4. Nxe4 Nd7 5. Nf3 Ngf6 6. Nxf6+ Nxf6 7. Bd3 Be7 8. 0-0 0-0 9. Qe2 b6 10. Bf4 Bb7 11. Rad1 Qc8 12. c4 c5 13. dxc5 Qxc5 14. Ne5 Rfd8 15. Bd2 Rd6 16. Bc3 Rad8 17. a3 Qc7 18. Qe3 Kf8 19. Qf4 Ba8 20. Be2 Kg8 21. g4 Rxd1 22. Rxd1 Rxd1+ 23. Bxd1 Bd6 24. f3 Bc5+ 25. Kg2 Bd6 26. h3 Nxg4 27. hxg4 f6 28. Bc2 Bxe5 29. Bxe5 Qxe5 30. Qxe5 fxe5 31. g5 h6 32. gxh6 gxh6 33. Be4 Bxe4 34. fxe4 Kf7 35. Kg3 Ke7 36. Kg4 b5 37. cxb5 Kd6 38. b4 Kc7 39. a4 Kb6 40. Kh5 1-0

[Event "Thessaloniki SKG op-B 1st"]
[Site "Thessaloniki"]
[Date "2022.08.04"]
[Round "3"]
[White "Skembris, Simon Max"]
[Black "Hidzos, Georgios"]
[Result "0-1"]
[WhiteElo "1596"]
[BlackElo "1762"]
[PlyCount "106"]
[EventDate "2022.08.03"]
[EventType "swiss"]
[EventRounds "9"]
[EventCountry "GRE"]
[SourceTitle "EXT 2024"]
[Source "ChessBase"]
[SourceDate "2023.10.10"]
[SourceVersion "1"]
[SourceVersionDate "2023.10.10"]
[SourceQuality "1"]

1. e4 c5 2. Nf3 e6 3. d4 cxd4 4. Nxd4 Nc6 5. Nc3 d6 6. Be3 Nf6 7. Be2 Be7 8. f4 0-0 9. Qd2 e5 10. Nb3 exf4 11. Bxf4 Be6 12. 0-0-0 Ne5 13. h3 a6 14. g4 Rc8 15. Kb1 b5 16. g5 Nfd7 17. Nd5 Bxd5 18. exd5 Nc4 19. Qd3 Bxg5 20. Bxg5 Qxg5 21. Rhg1 Qe5 22. Nd4 Nc5 23. Qf3 Na4 24. Bxc4 Rxc4 25. c3 g6 26. Rde1 Qh8 27. Rgf1 Rxd4 28. cxd4 Qxd4 29. Rf2 Nb6 30. Rd1 Qc5 31. b3 Nd7 32. Rc2 Qb4 33. Rc7 Ne5 34. Qf6 a5 35. Qf2 a4 36. Rd4 Qa5 37. Rc2 axb3 38. axb3 Qa3 39. Qe3 Ra8 40. Qc3 Qa7 41. Rdd2 Qg1+ 42. Rc1 Qa7 43. Qd4 Qa3 44. Qb2 Qb4 45. Rcd1 Qe4+ 46. Qc2 Qf3 47. Re2 Qxh3 48. Rh2 Qg3 49. Rdh1 h5 50. Rh3 Qf4 51. Rg1 Qd4 52. Qg2 Ra1+ 53. Kc2 Ra2+ 0-1

[Event "GER-ch U12"]
[Site "Willingen"]
[Date "2022.06.10"]
[Round "8"]
[White "Gloeckler, Christian"]
[Black "Skembris, Simon Max"]
[Result "0-1"]
[WhiteElo "1847"]
[BlackElo "1413"]
[PlyCount "128"]
[EventDate "2022.06.04"]
[EventType "swiss"]
[EventRounds "9"]
[EventCountry "GER"]
[SourceTitle "CBM 208 Extra"]
[Source "ChessBase"]
[SourceDate "2022.07.31"]
[SourceVersion "1"]
[SourceVersionDate "2022.07.31"]
[SourceQuality "1"]

1. e4 e5 2. Nf3 Nf6 3. Nxe5 d6 4. Nf3 Nxe4 5. d4 d5 6. Bd3 Be7 7. 0-0 Nc6 8. Nc3 Bf5 9. Re1 Nxc3 10. bxc3 Bxd3 11. Qxd3 0-0 12. Bf4 Na5 13. Rab1 b6 14. Ne5 f6 15. Nf3 Bd6 16. Bxd6 Qxd6 17. Nh4 Rfe8 18. Nf5 Qd7 19. Qh3 Rxe1+ 20. Rxe1 Re8 21. Rxe8+ Qxe8 22. Qe3 Qxe3 23. fxe3 Kf7 24. Kf2 g6 25. Ng3 Nc4 26. Ke2 Ke6 27. Nh1 Nd6 28. Nf2 Kf5 29. Kd3 h5 30. h3 b5 31. g3 c6 32. Ke2 Ne4 33. Nxe4 dxe4 34. Kf2 Ke6 35. c4 bxc4 36. g4 h4 37. c3 g5 38. a4 f5 39. gxf5+ Kxf5 40. Kg2 g4 41. a5 gxh3+ 42. Kxh3 Kg5 43. a6 Kh5 44. Kh2 Kg4 45. Kg2 h3+ 46. Kh2 Kf3 47. Kxh3 Kxe3 48. Kg4 Kd2 49. Kf4 e3 50. Ke5 e2 51. Kd6 Kxc3 52. Kxc6 Kxd4 53. Kb7 e1Q 54. Kxa7 Qa5 55. Kb7 c3 56. a7 c2 57. a8Q Qxa8+ 58. Kxa8 c1Q 59. Kb7 Qc5 60. Ka6 Qb4 61. Ka7 Qb5 62. Ka8 Kc5 63. Ka7 Kc6 64. Ka8 Qb7# 0-1

[Event "GER-ch U12"]
[Site "Willingen"]
[Date "2022.06.07"]
[Round "4"]
[White "Bangert, Jonas"]
[Black "Skembris, Simon Max"]
[Result "0-1"]
[WhiteElo "1483"]
[BlackElo "1413"]
[PlyCount "52"]
[EventDate "2022.06.04"]
[EventType "swiss"]
[EventRounds "9"]
[EventCountry "GER"]
[SourceTitle "CBM 208 Extra"]
[Source "ChessBase"]
[SourceDate "2022.07.31"]
[SourceVersion "1"]
[SourceVersionDate "2022.07.31"]
[SourceQuality "1"]

1. c4 c5 2. g3 g6 3. Bg2 Bg7 4. Nf3 Nc6 5. Nc3 Nf6 6. 0-0 d6 7. d3 0-0 8. a3 Be6 9. Rb1 Rc8 10. Bd2 h6 11. b4 b6 12. b5 Nb8 13. Qa4 d5 14. h4 d4 15. Nd1 Nbd7 16. Ne1 Bg4 17. f3 Be6 18. g4 Qc7 19. Nf2 Qg3 20. Nh3 Qxh4 21. Nc2 Nh5 22. Be1 Ng3 23. Nf4 Be5 24. Bxg3 Qxg3 25. Nxe6 Qh2+ 26. Kf2 Bg3# 0-1

[Event "GER-chT Lands U20"]
[Site "Neumuenster"]
[Date "2021.10.06"]
[Round "7.3"]
[White "Skembris, Simon Max"]
[Black "Peglau, Charis"]
[Result "1-0"]
[WhiteElo "1268"]
[BlackElo "1820"]
[PlyCount "105"]
[EventDate "2021.10.01"]
[EventType "team-swiss"]
[EventRounds "7"]
[EventCountry "GER"]
[SourceTitle "CBM 204 Extra"]
[Source "ChessBase"]
[SourceDate "2021.11.30"]
[SourceVersion "1"]
[SourceVersionDate "2021.11.30"]
[SourceQuality "1"]
[WhiteTeam "Baden"]
[BlackTeam "Sachsen"]
[WhiteTeamCountry "GER"]
[BlackTeamCountry "GER"]

1. e4 b6 2. Nf3 Bb7 3. d3 e6 4. Be2 Be7 5. 0-0 c5 6. Nc3 Nf6 7. Bf4 d5 8. exd5 Nxd5 9. Nxd5 exd5 10. d4 0-0 11. c3 Nc6 12. Qd2 a5 13. Rad1 c4 14. Ne5 b5 15. Rfe1 f6 16. Nxc6 Bxc6 17. Bf3 Kh8 18. Re2 Re8 19. Rde1 Bf8 20. h3 b4 21. Qc2 a4 22. Qf5 Rxe2 23. Rxe2 a3 24. bxa3 bxc3 25. Qe6 Rc8 26. Bg4 Bd7 27. Qxd7 Qxd7 28. Bxd7 Rd8 29. Re8 Rxe8 30. Bxe8 Bxa3 31. Ba4 Kg8 32. Kf1 Kf7 33. Ke2 g5 34. Bg3 Ke6 35. Kd1 h5 36. f3 f5 37. Kc2 Bb4 38. Be1 g4 39. Bxc3 Ba3 40. Bb2 Bb4 41. Bb5 Kd6 42. a4 Ba5 43. Bc3 Bb6 44. a5 Ba7 45. Bb4+ Kc7 46. Bc5 Kb8 47. Bxa7+ Kxa7 48. Kc3 gxh3 49. gxh3 h4 50. Bxc4 dxc4 51. Kxc4 Ka6 52. d5 Kxa5 53. Kc5 1-0

[Event "GER-chT Lands U20"]
[Site "Neumuenster"]
[Date "2021.10.04"]
[Round "5.2"]
[White "Skembris, Simon Max"]
[Black "Besou, Hussain"]
[Result "0-1"]
[WhiteElo "1268"]
[BlackElo "1995"]
[PlyCount "78"]
[EventDate "2021.10.01"]
[EventType "team-swiss"]
[EventRounds "7"]
[EventCountry "GER"]
[SourceTitle "CBM 204 Extra"]
[Source "ChessBase"]
[SourceDate "2021.11.30"]
[SourceVersion "1"]
[SourceVersionDate "2021.11.30"]
[SourceQuality "1"]
[WhiteTeam "Baden"]
[BlackTeam "Nordrhein Westfalen"]
[WhiteTeamCountry "GER"]
[BlackTeamCountry "GER"]

1. e4 c5 2. Nf3 d6 3. d4 cxd4 4. Nxd4 Nf6 5. Nc3 a6 6. f3 e5 7. Nb3 Be6 8. Bg5 Nbd7 9. Qd2 Be7 10. Be2 0-0 11. Be3 Rc8 12. g4 Nb6 13. h4 d5 14. g5 Nh5 15. Bxb6 Qxb6 16. Nxd5 Bxd5 17. exd5 Ng3 18. Rf1 Nxf1 19. Kxf1 f6 20. Kg2 fxg5 21. hxg5 Qg6 22. Bd3 Qh5 23. Be4 Bxg5 24. Qd3 Bh4 25. Rh1 Qg5+ 26. Kf1 g6 27. Rg1 Qf4 28. Nd2 Qh2 29. Rg2 Qh1+ 30. Rg1 Qh3+ 31. Rg2 Rf6 32. d6 Qd7 33. Qd5+ Kg7 34. Qxe5 Qxd6 35. Qxd6 Rxd6 36. c3 Rcd8 37. Rh2 Rxd2 38. Rxh4 Rxb2 39. a4 Rd1# 0-1

[Event "GER-chT Lands U20"]
[Site "Neumuenster"]
[Date "2021.10.02"]
[Round "1.6"]
[White "Skembris, Simon Max"]
[Black "Dohon, Maria Johanna"]
[Result "1-0"]
[WhiteElo "1268"]
[BlackElo "1521"]
[PlyCount "91"]
[EventDate "2021.10.01"]
[EventType "team-swiss"]
[EventRounds "7"]
[EventCountry "GER"]
[SourceTitle "CBM 204 Extra"]
[Source "ChessBase"]
[SourceDate "2021.11.30"]
[SourceVersion "1"]
[SourceVersionDate "2021.11.30"]
[SourceQuality "1"]
[WhiteTeam "Baden"]
[BlackTeam "Wuerttemberg"]
[WhiteTeamCountry "GER"]
[BlackTeamCountry "GER"]

1. e4 c6 2. d4 d5 3. Nd2 dxe4 4. Nxe4 Nf6 5. Nxf6+ exf6 6. Nf3 Bd6 7. Bd3 Bg4 8. Qe2+ Be6 9. 0-0 0-0 10. c3 Nd7 11. Re1 Re8 12. Nh4 Nf8 13. Be3 Qc7 14. g3 c5 15. dxc5 Bxc5 16. Bf4 Qb6 17. Be3 Rad8 18. Bxc5 Qxc5 19. Qc2 a6 20. Nf5 Ng6 21. Nd4 Bd5 22. Be4 Bxe4 23. Rxe4 Rxe4 24. Qxe4 Qb6 25. Qe2 h6 26. Rd1 Ne5 27. Kg2 Qc7 28. Re1 b5 29. f4 Qb7+ 30. Qe4 Qxe4+ 31. Rxe4 Ng6 32. Kf3 Kf8 33. Ke3 h5 34. h4 Ne7 35. Rxe7 Kxe7 36. Nc6+ Kd7 37. Nxd8 Kxd8 38. Kd4 Kd7 39. Kd5 g6 40. a3 f5 41. b3 f6 42. b4 Ke7 43. Kc6 Ke6 44. Kc5 g5 45. Kc6 gxh4 46. gxh4 1-0

[Event "GER-chT Lands U20"]
[Site "Neumuenster"]
[Date "2021.10.02"]
[Round "2.2"]
[White "Skembris, Simon Max"]
[Black "Sauer, Tim"]
[Result "0-1"]
[WhiteElo "1268"]
[BlackElo "1703"]
[PlyCount "148"]
[EventDate "2021.10.01"]
[EventType "team-swiss"]
[EventRounds "7"]
[EventCountry "GER"]
[SourceTitle "CBM 204 Extra"]
[Source "ChessBase"]
[SourceDate "2021.11.30"]
[SourceVersion "1"]
[SourceVersionDate "2021.11.30"]
[SourceQuality "1"]
[WhiteTeam "Baden"]
[BlackTeam "Niedersachsen"]
[WhiteTeamCountry "GER"]
[BlackTeamCountry "GER"]

1. e4 c5 2. Nf3 g6 3. d4 cxd4 4. Nxd4 Bg7 5. c4 Nc6 6. Nc2 Nf6 7. Nc3 0-0 8. Be2 d6 9. 0-0 Nd7 10. Bd2 Nc5 11. Bf3 Ne5 12. Qe2 a5 13. Rfd1 f5 14. exf5 Nxf3+ 15. Qxf3 Bxf5 16. Ne3 Bc2 17. Qe2 Bxd1 18. Rxd1 e6 19. b3 Qd7 20. Qg4 Rf7 21. Be1 Raf8 22. Ne4 Nxe4 23. Qxe4 Rf4 24. Qc2 Bd4 25. Qd2 Bc5 26. f3 Rd4 27. Qxd4 Bxd4 28. Rxd4 Qg7 29. Bc3 Qc7 30. Kf1 d5 31. Ng4 Rf4 32. Nh6+ Kf8 33. Bxa5 Qe5 34. Rd1 Qh5 35. cxd5 exd5 36. Bc7 Qxh6 37. Bxf4 Qxf4 38. Rxd5 Qc1+ 39. Ke2 Qg1 40. Rg5 Qxh2 41. Kf2 Qh4+ 42. Rg3 Qd4+ 43. Ke2 Qb2+ 44. Kd3 Qxa2 45. Kc4 Qa6+ 46. Kc3 Qa5+ 47. Kd3 Qd8+ 48. Ke2 Qb6 49. f4 Qb5+ 50. Kf2 Qc5+ 51. Re3 b5 52. Ke2 b4 53. Kf2 Kg7 54. Kf3 Qd5+ 55. Kf2 Qd4 56. Kf3 Kf6 57. g3 Kf5 58. g4+ Kf6 59. Re1 Qd5+ 60. Kf2 Qxb3 61. Re3 Qb2+ 62. Kf3 b3 63. g5+ Kf5 64. Kg3 Qd4 65. Rxb3 Qxf4+ 66. Kh3 Kxg5 67. Rb2 Qf5+ 68. Kg2 Qe4+ 69. Kh3 h5 70. Rb5+ Qf5+ 71. Rxf5+ gxf5 72. Kg2 Kg4 73. Kh1 Kf3 74. Kg1 Ke2 0-1